000 00371nam a2200157Ia 4500
008 230524s9999 xx 000 0 und d
082 _a621.3
_bKUM
100 _aK.L.Kumar
245 0 _aEngineering Fluid Mechanics
250 _a1st
260 _aNEW DELHI
_bS.Chand
_c2003
300 _aXII;536
500 _aQuantity Number: 2
650 _aMechanics
942 _cBK
999 _c32032
_d32032